[Event "4NCL Division 3 North"]
[Site "Doncaster, ENG"]
[Date "2017.11.12"]
[Round "2.95"]
[White "Kildea, Robbie"]
[Black "Mahoney, Nicholas"]
[Result "1-0"]
[WhiteElo "1670"]
[BlackElo "1725"]
[PlyCount "69"]
[EventDate "2017.11.12"]
[WhiteTeam "Enniscorthy"]
[BlackTeam "Bradford DCA Knights C"]

1. e4 d5 2. exd5 Qxd5 3. Nc3 Qa5 4. Bc4 Nf6 5. Nf3 c6 6. O-O Bg4 7. d4 e6 8.
Bd2 Bb4 9. h3 Bxf3 10. Qxf3 O-O 11. a3 Bxc3 12. Bxc3 Qd8 13. Rad1 Nbd7 14. Rfe1
Nd5 15. Bd2 Qf6 16. Be2 Qxd4 17. Bb4 Qxb2 18. Bxf8 Nxf8 19. Rb1 Qf6 20. Qxf6
gxf6 21. Rxb7 Ng6 22. Bf3 Ne5 23. Bxd5 cxd5 24. Reb1 Kg7 25. Rb8 Rxb8 26. Rxb8
a5 27. Kf1 Nc4 28. a4 Na3 29. Ke2 Nc4 30. Kd3 Ne5+ 31. Kc3 h6 32. Rb5 Nc4 33.
Rc5 Kf8 34. Rc8+ Kg7 35. Rxc4 1-0

[Event "4NCL Division 3 North"]
[Site "Doncaster, ENG"]
[Date "2017.11.12"]
[Round "2.101"]
[White "Bennett, Patrick"]
[Black "Denisov, Seny D"]
[Result "1-0"]
[WhiteElo "2006"]
[BlackElo "1922"]
[PlyCount "61"]
[EventDate "2017.11.12"]
[WhiteTeam "Holmes Chapel"]
[BlackTeam "3Cs 3"]

1. d4 Nf6 2. c4 e6 3. g3 Bb4+ 4. Bd2 Qe7 5. Bg2 Nc6 6. Nf3 O-O 7. O-O Bxd2 8.
Qxd2 d5 9. cxd5 exd5 10. Nc3 Bg4 11. Qf4 Bxf3 12. Bxf3 Rad8 13. a3 Rfe8 14.
Rfd1 Ne4 15. Rac1 a6 16. h4 h6 17. e3 Rd6 18. Bxe4 dxe4 19. Qf5 g6 20. Qc5 g5
21. hxg5 hxg5 22. Qf5 Kg7 23. Kg2 Rh6 24. Rh1 Qf6 25. Qxf6+ Rxf6 26. Rh5 Rg6
27. Rch1 Nb8 28. Rh7+ Kf8 29. Nd5 f5 30. Rh8+ Kf7 31. R1h7+ 1-0

[Event "4NCL Division 3 North"]
[Site "Doncaster, ENG"]
[Date "2017.11.12"]
[Round "2.102"]
[White "Darwen, David"]
[Black "Doran, Chris"]
[Result "0-1"]
[WhiteElo "1975"]
[BlackElo "1973"]
[PlyCount "100"]
[EventDate "2017.11.12"]
[WhiteTeam "3Cs 3"]
[BlackTeam "Holmes Chapel"]

1. Nf3 Nf6 2. g3 g6 3. Bg2 Bg7 4. O-O O-O 5. d3 d6 6. e4 e5 7. c3 c5 8. Re1 Nc6
9. h3 Rb8 10. a3 Re8 11. b4 b6 12. Bb2 Bd7 13. b5 Na5 14. c4 Qc7 15. Nc3 Nb7
16. Bc1 Nd8 17. Nd5 Nxd5 18. cxd5 Bxb5 19. Qb3 Bd7 20. Nd2 b5 21. Bf1 Bh6 22.
Nf3 Bxc1 23. Rexc1 Kg7 24. Nd2 f6 25. Rab1 Nf7 26. Kh2 Qc8 27. Qc3 Rb6 28. Qa1
Qa6 29. h4 Rf8 30. Bh3 Bxh3 31. Kxh3 Rfb8 32. Kg2 Qa4 33. Qc3 Qd4 34. Nf3 Qxc3
35. Rxc3 a5 36. Rcb3 a4 37. R3b2 b4 38. Nd2 bxa3 39. Rxb6 Rxb6 40. Rxb6 a2 41.
Rb1 axb1=Q 42. Nxb1 h5 43. Na3 Kf8 44. f3 g5 45. Kh3 Nh8 46. g4 hxg4+ 47. Kxg4
gxh4 48. Kxh4 Ng6+ 49. Kg4 Nf4 50. Kf5 Ke7 0-1

[Event "4NCL Division 3 North"]
[Site "Doncaster, ENG"]
[Date "2017.11.12"]
[Round "2.103"]
[White "Turner, John M"]
[Black "Ye, Kevin"]
[Result "1/2-1/2"]
[WhiteElo "2004"]
[BlackElo "1742"]
[PlyCount "31"]
[EventDate "2017.11.12"]
[WhiteTeam "Holmes Chapel"]
[BlackTeam "3Cs 3"]

1. e4 e5 2. Nf3 Nc6 3. Nc3 Nf6 4. Bb5 a6 5. Bxc6 dxc6 6. Nxe5 Nxe4 7. Nxe4 Qd5
8. O-O Qxe5 9. Re1 Be6 10. d4 Qf5 11. Ng3 Qg6 12. Qh5 Qxh5 13. Nxh5 O-O-O 14.
Be3 g6 15. Nf4 Bf5 16. c3 1/2-1/2

[Event "4NCL Division 3 North"]
[Site "Doncaster, ENG"]
[Date "2017.11.12"]
[Round "2.104"]
[White "Denisov, Denis"]
[Black "Pearson, Raymond"]
[Result "0-1"]
[WhiteElo "1750"]
[BlackElo "1902"]
[PlyCount "110"]
[EventDate "2017.11.12"]
[WhiteTeam "3Cs 3"]
[BlackTeam "Holmes Chapel"]

1. e4 c5 2. c3 b6 3. d4 Bb7 4. d5 Nf6 5. Bd3 g6 6. f4 Bg7 7. Nf3 O-O 8. O-O d6
9. Qe1 Nbd7 10. c4 b5 11. cxb5 a6 12. bxa6 Bxa6 13. Bxa6 Rxa6 14. Nc3 Qb6 15.
Kh1 Rfa8 16. Qh4 Qb4 17. e5 dxe5 18. a3 Qc4 19. Nd2 Qd4 20. Nf3 Qc4 21. Nd2 Qd3
22. Rf3 Qc2 23. Nc4 e4 24. Ne3 Qb3 25. Rh3 Nf8 26. f5 Rd8 27. Nxe4 Nxd5 28.
Nxc5 Nxe3 29. Bxe3 Qxb2 30. Rg1 Raa8 31. fxg6 hxg6 32. Rf3 Qe5 33. Qf2 Rxa3 34.
Re1 Ra1 35. g3 Rxe1+ 36. Qxe1 Bh6 37. Qf2 Bxe3 38. Qxe3 Qd5 39. Ne4 Ne6 40. h4
Qd4 41. Qxd4 Rxd4 42. Nf2 Rd2 43. Nd3 Nd4 44. Re3 Nf5 45. Rf3 f6 46. Nc5 Kf7
47. Ne4 Re2 48. Nc3 Rc2 49. Ne4 Ke6 50. Nf2 Nxg3+ 51. Rxg3 Rxf2 52. Rxg6 Kf5
53. h5 e5 54. Rg8 Rf4 55. Rh8 Kg5 0-1

[Event "4NCL Division 3 North"]
[Site "Doncaster, ENG"]
[Date "2017.11.12"]
[Round "2.105"]
[White "Bates, Ian"]
[Black "Harman, George"]
[Result "0-1"]
[WhiteElo "1892"]
[BlackElo "1660"]
[PlyCount "88"]
[EventDate "2017.11.12"]
[WhiteTeam "Holmes Chapel"]
[BlackTeam "3Cs 3"]

1. e4 c5 2. Nf3 Nc6 3. d4 cxd4 4. Nxd4 g6 5. c4 Bg7 6. Be3 Nf6 7. Nc3 O-O 8.
Be2 d6 9. O-O Bd7 10. Rc1 a6 11. f4 Qc7 12. g4 Nxg4 13. Nc2 Nxe3 14. Nxe3 Rab8
15. Qe1 Qd8 16. f5 Bd4 17. Qg3 Qb6 18. fxg6 Bxe3+ 19. Kh1 fxg6 20. Nd5 Qxb2 21.
Qxe3 Qxa2 22. Rg1 Qb2 23. h4 Qd4 24. Nxe7+ Kf7 25. Rcf1+ Kxe7 26. Qg5+ Rf6 27.
Rf4 Qe5 28. Rxf6 Qxf6 29. Qh6 Rf8 30. Rf1 Qh8 31. Rb1 Rf2 32. Bd3 Qf6 33. Qxh7+
Qf7 34. Qxf7+ Rxf7 35. Rxb7 Rh7 36. c5 Rxh4+ 37. Kg2 dxc5 38. Bxa6 Rxe4 39. Bd3
Rd4 40. Bb5 Kd6 41. Bf1 Ne5 42. Rb8 c4 43. Rb4 Kc5 44. Ra4 Bxa4 0-1

[Event "4NCL Division 3 North"]
[Site "Doncaster, ENG"]
[Date "2017.11.12"]
[Round "2.106"]
[White "McGee, Peter"]
[Black "Gissi, Alberto"]
[Result "0-1"]
[WhiteElo "1337"]
[BlackElo "1577"]
[PlyCount "74"]
[EventDate "2017.11.12"]
[WhiteTeam "3Cs 3"]
[BlackTeam "Holmes Chapel"]

1. d4 d5 2. c4 e6 3. Nc3 c5 4. cxd5 exd5 5. dxc5 Be6 6. Nf3 Bxc5 7. e3 a6 8.
Be2 Nf6 9. O-O O-O 10. a3 Nc6 11. b4 Be7 12. Bb2 h6 13. Rc1 Nh7 14. h3 Qd7 15.
Na4 Qd8 16. Nc5 Bxc5 17. Rxc5 Nf6 18. Ne5 Rc8 19. Qc2 Qd6 20. f4 Ne4 21. Rc1
Nxc5 22. bxc5 Qe7 23. Qc3 Nxe5 24. Qxe5 f6 25. Qh5 Bf7 26. Qf5 Qxe3+ 27. Kf1
Be6 28. Qh5 Qxf4+ 29. Kg1 Bf7 30. Qf3 Qxf3 31. Bxf3 Rc6 32. a4 Rfc8 33. Bg4 Be6
34. Bxe6+ Rxe6 35. Kf1 b6 36. cxb6 Rxc1+ 37. Bxc1 Rxb6 0-1